Les meilleurs buteurs de Serie A sur une année civile - Statistiques

Statistiques générales
  • Ce quiz a été pris 33 fois
  • Le résultat moyen est 6 sur 10
Statistiques - réponses
Classement Année Nationalité Nombre de buts Joueurs % Correct
1 2020 Portugal 33 buts Cristiano Ronaldo
100%
2 2021 Serbie 33 buts Dušan Vlahović
90%
7 2023 Argentine 29 buts Lautaro Martinez
73%
6 2017 Italie 30 buts Ciro Immobile
70%
5 2016 Argentine 30 buts Gonzalo Higuain
70%
9 2020 Italie 28 buts Ciro Immobile
63%
3 2005 Italie 32 buts Luca Toni
57%
4 2001 Argentine 30 buts Hernan Crespo
50%
10 2011 Italie 28 buts Antonio Di Natale
30%
8 2001 Italie 28 buts Christian Vieri
27%
Aucun quiz correspondant
Distribution des résultats
% des personnes avec chaque résultat
Percentile par nombre de réponses
Votre historique - résultats
Vous n’avez pas pris ce quiz